000 01252cam a2200301 a 4500
005 20240219130529.0
008 100804s2004||||ag a | |||| 00| 0 spa d
020 _a9789500618761
041 _aspa
092 _c616.15
_l75
_sROD
100 1 _aRodak, Bernadette F.
_9993
245 _aHematología.
_bFundamentos y aplicaciones clínicas /
_cBernadette F. Rodak.
250 _a2a ed.
_bTraducción Octavio Giovaniello; Judith Oxemberg; Silvia Rondinone y Jorgelina Taveira.
260 _aBuenos Aires:
_bEditorial Médica Panamericana;
_c2004.
300 _a838 p.
_bil.
500 _aRodak, B. F. (2004). Hematología. Fundamentos y aplicaciones clínicas. (2a ed.). Buenos Aires : Editorial Médica Panamericana.
653 _aIntroducción a la hematología
653 _aHematopoyesis
653 _aEvaluación de las células sanguíneas mediante el laboratorio de rutina
653 _aHematopatología: trastornos de los eritrocitos
653 _aAlteraciones no malignas de los leucocitos
653 _aHematopatología: trastornos malignos de los leucocitos
653 _aEquipamiento en hematologia
653 _aAnálisis de los líquidos corporales
653 _aHemostasia y trombosis
930 _a1187
942 _2ddc
_cBK
999 _c530
_d530